CASE OF ESCHERICHIA COLI ANTIBIOTIC RESISTANT ON CHICKEN AT SOEM DET FARM, BATI DISTTRICT, TAKEO PROVINCE. ករណី ESCHERICHIA COLI សុាំនឹងឪសថអង់ទីប្យូទិចលើមាន់សាច់នៅកសិដ្ធានសុឹម ដេត ស្រុកបាទី ខេត្តតាកែវ (Record no. 21669)

000 -LEADER
fixed length control field 00689nam a22001217a 4500
040 ## - CATALOGING SOURCE
Transcribing agency RUA
100 ## - MAIN ENTRY--AUTHOR NAME
Personal name KUOK CHEABHENG. គួក ជាបហេង
245 ## - TITLE STATEMENT
Title CASE OF ESCHERICHIA COLI ANTIBIOTIC RESISTANT ON CHICKEN AT SOEM DET FARM, BATI DISTTRICT, TAKEO PROVINCE. ករណី ESCHERICHIA COLI សុាំនឹងឪសថអង់ទីប្យូទិចលើមាន់សាច់នៅកសិដ្ធានសុឹម ដេត ស្រុកបាទី ខេត្តតាកែវ
260 ## - PUBLICATION, DISTRIBUTION, ETC. (IMPRINT)
Place of publication Phnom Penh
Name of publisher RUA
Year of publication 2020
300 ## - PHYSICAL DESCRIPTION
Number of Pages IX.38P
Other physical details VII.
Dimensions 29CM
856 ## - ELECTRONIC LOCATION AND ACCESS
Uniform Resource Identifier https://drive.google.com/file/d/1XE6wqW5SLYc5_kmTwulBh3ddu-jSc6bF/view?usp=sharing
942 ## - ADDED ENTRY ELEMENTS (KOHA)
Koha item type VEM
952 ## - LOCATION AND ITEM INFORMATION (KOHA)
Withdrawn status [LOCAL, KOHA] 0
952 ## - LOCATION AND ITEM INFORMATION (KOHA)
Withdrawn status [LOCAL, KOHA] 0
952 ## - LOCATION AND ITEM INFORMATION (KOHA)
Withdrawn status [LOCAL, KOHA] 0
952 ## - LOCATION AND ITEM INFORMATION (KOHA)
Withdrawn status [LOCAL, KOHA] 0
952 ## - LOCATION AND ITEM INFORMATION (KOHA)
Withdrawn status [LOCAL, KOHA] 0
952 ## - LOCATION AND ITEM INFORMATION (KOHA)
Withdrawn status [LOCAL, KOHA] 0
Holdings
Permanent Location Date acquired Koha item type Lost status Shelving location Barcode Current Location Full call number
Library Block B2023-08-16VEM B1.602a073863Library Block BVEM KUO 2020 B1.602 Or.
Library Block B2023-08-16VEM B1.602a073935Library Block BVEM KUO 2020 B1.602 Or.
Library Block B2023-08-16VEM B1.602a073931Library Block BVEM KUO 2020 B1.602 Or.
Library Block B2023-08-16VEM B1.602a073939Library Block BVEM KUO 2020 B1.602 Or.
Library Block B2023-08-16VEM B1.602a073907Library Block BVEM KUO 2020 B1.602 Or.
Library Block B2023-08-16VEM B1.602a073919Library Block BVEM KUO 2020 B1.602 Or.
មជ្ឈមណ្ឌលឯការនៃសាកលវិទ្យាល័យភូមិន្ទកសិកម្មចំការដូង

Powered by Koha